A self-catalytic carbon paste electrode for the detection of vitamin B12 /

שמור ב:
מידע ביבליוגרפי
מחברים אחרים: Banks, Craig E., Compton, Richard G., Davies, Trevor J., Tomcik, Peter.
פורמט: Bài viết
שפה:English
נושאים:
תגים: הוספת תג
אין תגיות, היה/י הראשונ/ה לתייג את הרשומה!
Thư viện lưu trữ: Thư viện Trường Đại học Đà Lạt
LEADER 01046nam a2200361 4500
001 DLU090097667
005 ##20091201
040 # # |a DLU  |b eng 
041 # # |a eng 
044 # # |a us 
245 # # |a A self-catalytic carbon paste electrode for the detection of vitamin B12 /  |c Peter Tomcik ... [et al.].  
653 # # |a Carbon electrode 
653 # # |a Catalytic reaction 
653 # # |a Cyanocobalamin 
653 # # |a Cyclic voltammetry 
653 # # |a Detection limit 
653 # # |a Drugs 
653 # # |a Electrocatalysis 
653 # # |a Paste electrode 
700 # # |a Banks, Craig E. 
700 # # |a Compton, Richard G. 
700 # # |a Davies, Trevor J. 
700 # # |a Tomcik, Peter.  
773 # # |t Analytical Chemistry  |g Vol. 76, no. 1 (January 2004), p. 161-165 
920 # # |a Phòng Tạp chí -- Trung tâm Thông tin - Thư viện Trường Đại học Đà Lạt 
994 # # |a DLU 
900 # # |a True 
911 # # |a Trương Bảo Trâm Anh 
925 # # |a G 
926 # # |a A 
927 # # |a BB 
980 # # |a Thư viện Trường Đại học Đà Lạt